| 000 | 01205cam a2200325 i 4500 | ||
|---|---|---|---|
| 001 | 18680155 | ||
| 003 | OSt | ||
| 005 | 20170105101207.0 | ||
| 008 | 150630s2015 pk b 001 0 eng | ||
| 010 | _a 2015330046 | ||
| 020 | _a9789695623701 | ||
| 040 |
_aDLC _beng _cDLC _erda |
||
| 042 |
_alcode _apcc |
||
| 043 |
_aa-ii--- _aa-is--- |
||
| 050 | 0 | 0 |
_aDS480.45 _b.M334 2015 |
| 100 | 1 | _aMalik, Nadeem Shafiq. | |
| 245 | 1 | 0 |
_aBrethren in faith : _bthe All India Muslim League and Palistine issue, (1917-1947) / _cNadeem Shafiq Malik. |
| 246 | 1 |
_iCorrect title should read: _aBrethren in faith : _bthe All India Muslim League and Palestine issue, (1917-1947) |
|
| 260 |
_aLahore _bFiction House _c2015 |
||
| 300 |
_a608 pages ; _c24 cm |
||
| 504 | _aIncludes bibliographical references (pages 560-[571]) and index. | ||
| 610 | 2 | 0 |
_aAll India Muslim League _xHistory. |
| 650 | 0 |
_aMuslims _xPolitical activity _zIndia _xHistory _y20th century. |
|
| 650 | 0 | _aArab-Israeli conflict. | |
| 651 | 0 |
_aIndia _xPolitics and government _y1919-1947. |
|
| 651 | 0 |
_aPalestine _xHistory _y1917-1948. |
|
| 906 |
_a7 _bcbc _corigode _d3 _encip _f20 _gy-gencatlg |
||
| 942 |
_2ddc _cBK |
||
| 999 |
_c3057 _d3057 |
||